Zdanění automobilů a jednotný trh EU
Motorizmus ako dôležitý zdroj príjmov verejných rozpočtov. Dane a poplatky za motorové vozidlá aplikované v krajinách EÚ, výška a štruktúra zdanenia motorových vozidiel v jednotlivých krajinách EÚ. Jednorazová registračná daň. Pravidelná ročná daň spojená s používaním motorových vozidiel. Odstráneni...
Salvato in:
| Autore principale: | |
|---|---|
| Natura: | Capitolo di libro |
| Lingua: | ceco |
| Soggetti: | |
| Tags: |
Nessun Tag, puoi essere il primo ad aggiungerne!!
|
MARC
| LEADER | 00000naa$a2200000$$$4500 | ||
|---|---|---|---|
| 001 | 0031311 | ||
| 005 | 20221128113133.0 | ||
| 041 | 0 | |a cze | |
| 044 | |a SK | ||
| 245 | 1 | 0 | |a Zdanění automobilů a jednotný trh EU |c Lenka Láchová |
| 520 | |a Motorizmus ako dôležitý zdroj príjmov verejných rozpočtov. Dane a poplatky za motorové vozidlá aplikované v krajinách EÚ, výška a štruktúra zdanenia motorových vozidiel v jednotlivých krajinách EÚ. Jednorazová registračná daň. Pravidelná ročná daň spojená s používaním motorových vozidiel. Odstránenie daňových prekážok na vnútornom trhu EÚ, znižovanie rozdielov v registračnej dani v rámci EÚ, presun rozdielov od registračnej dane k ročnej pravidelnej dani a daniam z pohonných hmôt, približovanie cien vozidiel v EÚ na jednotlivých trhoch. Trh EÚ v oblasti osobných vozidiel. | ||
| 610 | 2 | 0 | |a zdaňovanie |
| 610 | 2 | 0 | |a automobily |
| 610 | 2 | 0 | |a dane |
| 610 | 2 | 0 | |a trh spoločný |
| 610 | 2 | 0 | |a Európska únia |
| 610 | 2 | 0 | |a Česko |
| 100 | 1 | |a Láchová, Lenka | |